000 00968nam a2200265 i 4500
001 19167
003 ES-MaACL
005 20230906152021.0
007 t|
008 020628s2000 sp ||||1| spa d
020 _a84-8444-111-3
080 _a347(460)
245 0 0 _aJurisprudencia civil comentada
_b: Código Civil /
_cdirección, Miguel Pasquau Liaño ; coordinación, Klaus Jochen Albiez Dohrmann, Ana López Frías.
260 _aGranada :
_bComares,
_c2000.
300 _a2 v. (3534 p.) ;
_c25 cm.
490 1 _aBiblioteca Comares de ciencia jurídica
505 8 _aT. 1. Arts. 1 a 1087 -- T. 2. 1088 a 1976
650 _aDerecho civil-
_zEspaña-
_xJurisprudencia.
_911662
700 1 _aPasquau Liaño, Miguel.
_989430
700 1 _aAlbiez Dohrmann, Klaus Jochen.
_919377
700 1 _aLópez Frías, Ana.
_973647
830 0 _aBiblioteca Comares de ciencia jurídica
_9179318
852 _aES-MaACL
_jL-25597-98
_bR.131435
999 _c19167
_d19167